| 000 | 00513nam a2200157Ia 4500 | ||
|---|---|---|---|
| 008 | 170221s9999 xx 000 0 und d | ||
| 100 | _aBaogang Li | ||
| 245 | _aEnergy Supply-Demand Balance Based Resource Allocation for Cellular Network with Smart Grid | ||
| 245 | _cBaogang Li and Xuewei Wang | ||
| 260 | _bJournal of Communications | ||
| 260 | _c2015 | ||
| 300 | _a10 : 7 | ||
| 650 | _xCommunication | ||
| 650 | _xMedia Arts | ||
| 856 | _uhttp://www.jocm.us/index.php?m=content&c=index&a=lists&catid=148 | ||
| 999 |
_c307019 _d307019 |
||